000
00307nam a22001211a 4500
999
_c
152858
_d
152858
082
_a
934.007
_b
MAR/I.19
100
_a
Mark Wilks
245
_a
Indian historical researches (v.19)/
_c
by Mark Wilks.
260
_a
New Delhi:
_b
Cosmo,
_c
1817
300
_a
453p.
650
_a
History India Ancient
942
_c
BK